Guías de Control de Gestión, para profesionales y maestrandos (Registro nro. 1370)

Detalles MARC
000 -LEADER
fixed length control field 01469 a2200229 4500
001 - CONTROL NUMBER
control field 25354
005 - DATE AND TIME OF LATEST TRANSACTION
control field 20260407155538.0
008 - FIXED-LENGTH DATA ELEMENTS--GENERAL INFORMATION
fixed length control field 260407a2004 arg spa d
003 - CONTROL NUMBER IDENTIFIER
control field AR-UNSa-BCEJYS
040 ## - CATALOGING SOURCE
Original cataloging agency AR-UNSa-BCEJYS
Language of cataloging spa
Transcribing agency AR-UNSa-BCEJYS
080 ## - UNIVERSAL DECIMAL CLASSIFICATION NUMBER
Universal Decimal Classification number 657.05
Common auxiliary subdivision Contabilidad de gestión (Contabilidad gerencial, control de gestión...)
020 ## - INTERNATIONAL STANDARD BOOK NUMBER
International Standard Book Number 987-9417-77-8
100 1# - MAIN ENTRY--PERSONAL NAME
Personal name Ostengo, Héctor Carlos
245 10 - TITLE STATEMENT
Title Guías de Control de Gestión, para profesionales y maestrandos
Name of part/section of a work desde la contabilidad de gestión y hacia los tableros de comando
264 #1 - PRODUCTION, PUBLICATION, DISTRIBUTION, MANUFACTURE, AND COPYRIGHT NOTICE
Place of production, publication, distribution, manufacture San Miguel de Tucumán :
Name of producer, publisher, distributor, manufacturer Ediciones El Graduado
Date of production, publication, distribution, manufacture, or copyright notice 2004
300 ## - PHYSICAL DESCRIPTION
Extent 383 p.
Dimensions 29 cm.
505 ## - FORMATTED CONTENTS NOTE
Formatted contents note 1. ¿Cuál es la idea? - 2. El marco del sistema integrado de información - 3. Estudio y análisis del planeamiento estratégico - 4. Estudio y análisis del control de gestión(I) - 5. Estudio y análisis del control de gestión (II) - 6. El sistema de información gerencial - 7. Estudio y análisis de la contabilidad de gestión - 8. Análisis diagnóstico a trvés de la planeación presupuestaria - 9. El programa de presupuesto integrada - 10. Presupuesto específico de ventas - 11. Presupuesto específico de compras - 12. Presupuesto fijo de producción.
590 ## - LOCAL NOTE (RLIN)
Local note niveau_biblio:m niveau_hierar:0
700 1# - ADDED ENTRY--PERSONAL NAME
Personal name Norton de Ostengo, María R.
856 41 - ELECTRONIC LOCATION AND ACCESS
Uniform Resource Identifier <a href="https://biblioeco.unsa.edu.ar/pmb/images/libros/Guias de Control de Gestion.jpg">https://biblioeco.unsa.edu.ar/pmb/images/libros/Guias de Control de Gestion.jpg</a>
Link text Imagen de portada
Electronic format type image/jpeg
942 ## - ADDED ENTRY ELEMENTS (KOHA)
Koha item type
Existencias
Withdrawn status Lost status Damaged status Not for loan Home library Current library Shelving location Date acquired Total checkouts Full call number Barcode Date last seen Price effective from Koha item type Public note
        Biblioteca Prof. Eusebio Cleto del Rey Biblioteca Prof. Eusebio Cleto del Rey   07/04/2026   657.05 O85 L87330 07/04/2026 07/04/2026 Libro  
        Biblioteca Prof. Eusebio Cleto del Rey Biblioteca Prof. Eusebio Cleto del Rey   07/04/2026   657.05 O85 L87331 07/04/2026 07/04/2026 Libro  
        Biblioteca Prof. Eusebio Cleto del Rey Biblioteca Prof. Eusebio Cleto del Rey   07/04/2026   657.05 O85 L87332 07/04/2026 07/04/2026 Libro MANCHADO - FLÚOR -